| 000 | 00792nam a22001457a 4500 | ||
|---|---|---|---|
| 999 |
_c520140 _d520140 |
||
| 008 | 220704b ||||| |||| 00| 0 eng d | ||
| 100 |
_aSinha, Shishir _931825 |
||
| 245 | _aBanking and digital currency | ||
| 260 | _aYojana | ||
| 300 | _a66(3), Mar, 2022: p.33-35 | ||
| 520 | _aThe finance minister made a provision of a special incentive scheme in the general budge for the financial year 2021-22 with a view of boosting up digital transactions. It was felt that the virtual digital assets need to be regulated. India is one of the most efficient payment markets in the world. An efficient digital transaction ecosystem will give a boost to research, development, and innovation in fintech space. – Reproduced | ||
| 773 | _aYojana | ||
| 906 | _aBANKING AND FINANCE | ||
| 942 | _cAR | ||